000 00769nam a2200265 i 4500
001 000037788
003 DO-SdBNP
005 20260601144741.0
007 ta
008 130306s2003 dr a 000 0 spa d
020 _a9993422398
040 _aDO-SdBNP
_bspa
_cBNPHU
_erda
041 _aspa
082 4 _axxx
_bxxx
_222
245 0 0 _aMi país la identidad del joven dominicano.
250 _aprimera edición
264 1 _aSanto Domingo :
_bEdiciones de la Secretaría de Estado de la Juventud,
_c2003.
300 _a693 páginas :
_bilustraciones ;
_c23 cm.
336 _atexto
_btxt
_2rdacontent
337 _asin mediación
_bn
_2rdamedia
338 _avolumen
_bnc
_2rdacarrier
590 _aInventariado, 2024/BT
910 _aBtavárez
942 _2ddc
_cLBS1
999 _c37278
_d37278